000 nam a22 7a 4500
999 _c10619
_d10619
008 180219b ||||| |||| 00| 0 eng d
100 _aPrasad, D
_96511
245 _aHindi english hidi Dictionary
260 _aNew Delhi
_bS, Chand Publication
_c2013